Central Library OPAC University of Rajshahi

ইসলাম ও আধুনিক অর্থব্যবস্থা (Record no. 59850)

MARC details
000 -LEADER
fixed length control field 01043nam a2200241 a 4500
001 - CONTROL NUMBER
control field 59850
003 - CONTROL NUMBER IDENTIFIER
rucl marc code BD-RjUL
005 - DATE AND TIME OF LATEST TRANSACTION
control field 20211209080756.0
008 - FIXED-LENGTH DATA ELEMENTS--GENERAL INFORMATION
fixed length control field 161227s2003 bg ||||| |||| 00| 0 ben d
020 ## - INTERNATIONAL STANDARD BOOK NUMBER
Terms of availability : Tk. 90.00
035 ## - SYSTEM CONTROL NUMBER
System control number (BD-RjUL) 59974
040 ## - CATALOGING SOURCE
Original cataloging agency BD-RjUL
Language of cataloging ben
Transcribing agency BD-RjUL
041 ## - LANGUAGE CODE
Language code of text/sound track or separate title eng
082 ## - DEWEY DECIMAL CLASSIFICATION NUMBER
Edition number 23
Classification number 330.297
Author mark and year OSI 2003
100 1# - MAIN ENTRY--PERSONAL NAME
Personal name উসমানী, আল্লামা তাকী
9 (RLIN) 178088
245 10 - TITLE STATEMENT
Title ইসলাম ও আধুনিক অর্থব্যবস্থা
Statement of responsibility, etc. আল্লামা তাকী উসমানী ; আবু সালেহ মুহাম্মদ তোহা, অনূদিত
260 ## - PUBLICATION, DISTRIBUTION, ETC. (IMPRINT)
Place of publication, distribution, etc. ঢাকা :
Name of publisher, distributor, etc. আল-কাউসার প্রকাশনী,
Date of publication, distribution, etc. ২০০৩
300 ## - PHYSICAL DESCRIPTION
Pagination ১৫৬ পৃ. ;
Size ২১ সেমি.
650 ## - SUBJECT ADDED ENTRY--TOPICAL TERM
Topical term or geographic name as entry element অর্থনীতি
General subdivision ইসলাম
9 (RLIN) 178086
Topical term or geographic name as entry element Economics
General subdivision Islam
9 (RLIN) 178087
700 ## - ADDED ENTRY--PERSONAL NAME
Personal name তোহা, আবু সালেহ মুহাম্মদ, অনূদিত
942 ## - ADDED ENTRY ELEMENTS (KOHA)
Source of classification or shelving scheme Dewey Decimal Classification
Koha item type Books
Holdings
Lost status Source of classification or shelving scheme Damaged status Not for loan Collection code Permanent Location Current Location Shelving location Date acquired Total Checkouts Full call number Date last seen Copy number Koha item type
  Dewey Decimal Classification   Not For Loan Non-fiction Central Library, University of Rajshahi Central Library, University of Rajshahi Reading Room 16/10/2003   B 330.297 OSI 2003 27/12/2016 C-1 Books